000 00795nam a2200265Ia 4500
003 OSt
005 20220928125355.0
006 a|||||r|||| 00| 0
007 ta
008 220927b |||||||| |||| 00| 0 eng d
020 _cINR 695.00
024 _a137570
037 _b323, 07/03/2018, Classic Book Service
_cTextual
040 _aSDCL
_cSDCL
_beng
041 _2eng
_aeng
082 _aB2814, P3
100 _aHuffman W. Cary
_9469412
245 0 _aFundamentals of error-correcting codes
260 _aDelhi
_bCambridge University Press
_c2003
300 _axvii,646p.
_ccm.
650 _aI I C
700 _a Pless Vera
_9469413
942 _hB2814, P3
_cTEXL
_2CC
999 _c782069
_d782069